| 000 | 00867nam a2200265 a 4500 | ||
|---|---|---|---|
| 005 | 20260205064038.0 | ||
| 008 | 150303s2014 mx r 000 0 spa d | ||
| 020 | _a9786071718013 | ||
| 035 | _aUPN01000202208 | ||
| 049 | _aCG | ||
| 050 | 4 |
_aHF5549 _bH6.2 |
|
| 100 | 1 |
_aHoare, Stephen _936834 |
|
| 245 | 1 | 0 |
_aAdministración del talento / _cStephen Hoare, Andrew Leigh ; tr. José Carmen Pecina Hernández. |
| 260 |
_aMéxico : _bTrillas, _c2014. |
||
| 300 | _a192 p. | ||
| 440 | 0 | _aBreviarios del financial times | |
| 534 |
_pTítulo original: _tTalent management financial times briefing |
||
| 650 | 2 |
_aAdministración de personal _9487 |
|
| 650 | 4 |
_aHABILIDAD EJECUTIVA _97047 |
|
| 650 | 4 |
_aNegocios _xAdministración _98730 |
|
| 650 | 2 |
_aSelección de personal _96517 |
|
| 700 | 1 |
_aLeigh, Andrew, _ecoaut. _940834 |
|
| 905 | _aLibro | ||
| 999 |
_c174309 _d174309 |
||